000 00651nam a2200241 i 4500
001 C2-0342973
003 PPAK
005 20180728144235.0
008 170821s2016 nyu |||| ||||| | eng d
020 _a9781612194707
040 _aPPAK
_beng
_cPPAK
_erda
082 0 4 _a823
_223
090 0 0 _a823
_bCAN
_dG
100 1 _aCantor, Rachel,
_eauthor
245 1 0 _aGood on paper :
_ba novel
264 1 _aBrooklyn, New York :
_bMelville House Publishing ,
_c2016
300 _a299 pages ;
_c22 cm
336 _2rdacontent
_atext
337 _2rdamedia
_aunmediated
338 _2rdacarrier
_avolume
650 1 0 _aEnglish fiction.
942 _ddc
_cB
999 _c139861
_d139861